Jobs and fairness : (Record no. 119621)
[ view plain ]
| 000 -LEADER | |
|---|---|
| fixed length control field | 00659mam a2200217 a 4500 |
| 001 - CONTROL NUMBER | |
| control field | 2803237 |
| 003 - CONTROL NUMBER IDENTIFIER | |
| control field | ARRUPE |
| 005 - DATE AND TIME OF LATEST TRANSACTION | |
| control field | 20140121143443.0 |
| 008 - FIXED-LENGTH DATA ELEMENTS--GENERAL INFORMATION | |
| fixed length control field | 000324s2000 enk b 001 0 eng d |
| 020 ## - INTERNATIONAL STANDARD BOOK NUMBER | |
| International Standard Book Number | 085955256X |
| 035 ## - SYSTEM CONTROL NUMBER | |
| System control number | (OCoLC)ocm43806650 |
| 040 ## - CATALOGING SOURCE | |
| Original cataloging agency | EQO |
| Transcribing agency | EQO |
| Modifying agency | NNC |
| 300 ## - PHYSICAL DESCRIPTION | |
| Dimensions | 24 cm. |
| 100 1# - MAIN ENTRY--PERSONAL NAME | |
| Personal name | Oakeshott, Robert. |
| 9 (RLIN) | 6836 |
| 245 10 - TITLE STATEMENT | |
| Title | Jobs and fairness : |
| Remainder of title | the logic and experience of employee ownership / |
| Statement of responsibility, etc | Robert Oakeshott. |
| 260 ## - PUBLICATION, DISTRIBUTION, ETC. (IMPRINT) | |
| Place of publication, distribution, etc | Norwich : |
| Name of publisher, distributor, etc | Michael Russell, |
| Date of publication, distribution, etc | c2000. |
| 300 ## - PHYSICAL DESCRIPTION | |
| Extent | 710 p. ; |
| 504 ## - BIBLIOGRAPHY, ETC. NOTE | |
| Bibliography, etc | Includes bibliography (p. [693]-698) and index. |
| 650 #0 - SUBJECT ADDED ENTRY--TOPICAL TERM | |
| Topical term or geographic name as entry element | Employee ownership. |
| 9 (RLIN) | 6837 |
| 942 ## - ADDED ENTRY ELEMENTS (KOHA) | |
| Source of classification or shelving scheme | Library of Congress Classification |
| Koha item type | Monograph ( Printed materials) |
| Withdrawn status | Lost status | Source of classification or shelving scheme | Damaged status | Not for loan | Home library | Current library | Date acquired | Total Checkouts | Full call number | Barcode | Date last seen | Date checked out | Price effective from | Koha item type |
|---|---|---|---|---|---|---|---|---|---|---|---|---|---|---|
| Library of Congress Classification | ARRUPE LIBRARY | ARRUPE LIBRARY | 21/01/2014 | 1 | HD5650.O11 2000 | 464122792 | 21/11/2019 | 08/11/2019 | 21/01/2014 | Monograph ( Printed materials) |